LEADER 03487nam 22008535 450 001 9910959511103321 005 20240322052520.0 010 $a9781349476763 010 $a1349476765 010 $a9781137375056 010 $a1137375051 024 7 $a10.1057/9781137375056 035 $a(CKB)2550000001179854 035 $a(EBL)1588872 035 $a(SSID)ssj0001172883 035 $a(PQKBManifestationID)11794594 035 $a(PQKBTitleCode)TC0001172883 035 $a(PQKBWorkID)11193383 035 $a(PQKB)10272563 035 $a(DE-He213)978-1-137-37505-6 035 $a(OCoLC)864828120 035 $a(MiAaPQ)EBC1588872 035 $a(Perlego)3487731 035 $a(EXLCZ)992550000001179854 100 $a20151203d2013 u| 0 101 0 $aeng 135 $aur|n|---||||| 181 $ctxt 182 $cc 183 $acr 200 10$aAfrican American Female Mysticism $eNineteenth-Century Religious Activism /$fby Joy R. Bostic 205 $a1st ed. 2013. 210 1$aNew York :$cPalgrave Macmillan US :$cImprint: Palgrave Macmillan,$d2013. 215 $a1 online resource (205 p.) 225 1 $aBlack Religion/Womanist Thought/Social Justice,$x2945-6983 300 $aDescription based upon print version of record. 311 08$a9781137373724 311 08$a1137373725 311 08$a9781306287425 311 08$a1306287421 320 $aIncludes bibliographical references and index. 327 $aCover; Title; Copyright; Dedication; Contents; Acknowledgments; Introduction; 1 African American Female Mysticism: The Nineteenth-Century Contextual Landscape; 2 Defining Mysticism and the Sacred-Social Worlds of African American Women; 3 Standing upon the Precipice: Community, Evil, and Black Female Subjectivity; 4 God I Didn't Know You Were So Big: Apophatic Mysticism and Expanding Worldviews; 5 Look at What You Have Done: Sacred Power and Reimagining the Divine; 6 Weaving the Spider's Web: African American Female Mystical Activism; Notes; Bibliography; Index 330 $aAfrican-American Female Mysticism: Nineteenth Century Religious Activism is an important book-length treatment of African-American female mysticism. The primary subjects of this book are three icons of black female spirituality and religious activism - Jarena Lee, Sojourner Truth, and Rebecca Cox Jackson. 410 0$aBlack Religion/Womanist Thought/Social Justice,$x2945-6983 606 $aSocial history 606 $aAmerica$xHistory 606 $aPhilosophy$xHistory 606 $aHistory, Modern 606 $aReligion$xHistory 606 $aAfrica$xHistory 606 $aSocial History 606 $aHistory of the Americas 606 $aHistory of Philosophy 606 $aModern History 606 $aHistory of Religion 606 $aAfrican History 615 0$aSocial history. 615 0$aAmerica$xHistory. 615 0$aPhilosophy$xHistory. 615 0$aHistory, Modern. 615 0$aReligion$xHistory. 615 0$aAfrica$xHistory. 615 14$aSocial History. 615 24$aHistory of the Americas. 615 24$aHistory of Philosophy. 615 24$aModern History. 615 24$aHistory of Religion. 615 24$aAfrican History. 676 $a248.220922 700 $aBostic$b Joy R$4aut$4http://id.loc.gov/vocabulary/relators/aut$01793915 906 $aBOOK 912 $a9910959511103321 996 $aAfrican American Female Mysticism$94334239 997 $aUNINA